000
00326nam a2200133Ia 4500
008
240624s9999 xx 000 0 und d
041
_a
eng
082
_a
658.4012 FLO
100
_a
FLOYD STEVEN W
245
_a
BUILDING STRATEGY FROM THE MIDDLE RECONC
260
_c
2000
_a
London
_b
Sage
300
_a
216 : p.
365
_c
_b
32
999
_c
27997
_d
27997